Geography Quiz

Random Geography or Flags Quiz

Flags of Oceania Quiz Stats

 Plays Quiz Updated Dec 1, 2017

Score 0/14 Timer 03:00
11 Plays Today
Country % Correct
Australia
96.4%
New Zealand
95.4%
Fiji
86.4%
Tonga
79.1%
Papua New Guinea
78.3%
The Federated States of Micronesia
76.9%
Kiribati
76.1%
Country % Correct
Palau
75%
Samoa
75%
Republic of the Marshall Islands
74.3%
Vanuatu
71.1%
Tuvalu
70.9%
Solomon Islands
70.7%
Nauru
70%

You're not logged in!

Compare scores with friends on all Sporcle quizzes.
OR
Log In

Show Comments

Extras

Top Quizzes Today


Score Distribution

Your Account Isn't Verified!

In order to create a playlist on Sporcle, you need to verify the email address you used during registration. Go to your Sporcle Settings to finish the process.

Report this User

Report this user for behavior that violates our Community Guidelines.

Details: